ბათუმის შოთა რუსთაველის სახელმწიფო უნივერსიტეტის ბიბლიოთეკა

ტურიზმი : ეკონომიკა და ბიზნესი : (ბიბ.ჩანაწერი № 43704)

000 -ლიდერი
ფიქსირებული სიგრძის საკონტროლო ველი 02202nam a2200265Ia 4500
001 - საკონტროლო ნომერი
საკონტროლო ველი 10445
003 - საკონტროლო ნომრის იდენტიფიკატორი
საკონტროლო ველი GE_BSU
005 - ბოლო ოპერაციის თარიღი და დრო
საკონტროლო ველი 20240614171452.0
008 - ფიქსირებული სიგრძის მონაცემთა ელემენტები - ზოგადი ინფორმაცია
ფიქსირებული სიგრძის საკონტროლო ველი 181216s2014||||ge |||||||||||||| ||geo||
040 ## - კატალოგიზაციის წყარო
Transcribing agency GE_BSU
041 ## - ენის კოდი
Language code of text/sound track or separate title geo
080 ## - უნივერსალური ათობითი კლასიფიკაციის ინდექსი
Universal Decimal Classification number 338.48(063) ტ–92
245 ## - ცნობა სათაურის შესახებ
Title ტურიზმი : ეკონომიკა და ბიზნესი :
Remainder of title V საერთაშორისო სამეცნ.-პრაქტ. კონფერენცია, 5-6 ივლისი, ბათუმი - ხიხანის ხეობა, 2014 : [შრომების კრებული] /
Statement of responsibility, etc ბათუმის შოთა რუსთაველის სახელმწ. უნ-ტი, ტურიზმის ფაკ-ტი, აჭარის არ ტურიზმისა და კურორტების დეპარტამენტი ; [სარედ. კოლ. : იაკობ მესხია [და სხვ.]]. საგამომცემლო ცნობები
264 ## - წარმოების, გამოცემის, დისტრიბუციის და სხვა ცნობები
გამოცემის, წარმოების, დისტრიბუციის... ადგილი თბილისი :
გამოცემის, წარმოების, დისტრიბუციის... სახელწოდება უნივერსალი,
გამოცემის, წარმოების, დისტრიბუციის... თარიღი 2014.
300 ## - ფიზიკური აღწერა
Extent 481გვ. ;
Dimensions 29 სმ.
500 ## - ზოგადი შენიშვნა
General note ყდა ქართულ და ინგლისურ ენებზე
500 ## - ზოგადი შენიშვნა
General note თავფურელი მე-2 გვ. ინგლისურ ენაზე
500 ## - ზოგადი შენიშვნა
General note რამოდენიმე მოხსენება ინგლისურ ენაზე
653 ## - INDEX TERM--UNCONTROLLED
Uncontrolled term ტურიზმის ეკონომიკა -- სამეცნიერო კონფერენციები
653 ## - INDEX TERM--UNCONTROLLED
Uncontrolled term ტურიზმის ბიზნესი -- სამეცნიერო კონფერენციები
700 ## - ADDED ENTRY--PERSONAL NAME
Personal name მესხია, ი. (იაკობ)
Relator term რედაქტორი
9 (RLIN) 22447
710 ## - ADDED ENTRY--CORPORATE NAME
Corporate name or jurisdiction name as entry element ბათუმის შოთა რუსთაველის სახელმწ. უნ-ტი
Subordinate unit ტურიზმის ფაკ-ტი
9 (RLIN) 1536
710 ## - ADDED ENTRY--CORPORATE NAME
Corporate name or jurisdiction name as entry element აჭარის არ ტურიზმისა და კურორტების დეპარტამენტი
9 (RLIN) 1536
942 ## - ADDED ENTRY ELEMENTS (KOHA)
Koha item type წიგნი
Source of classification or shelving scheme
ეგზემპლარები
ჩამოწერის სტატუსი დაკარგული ეგზემპლარის სტატუსი კლასიფიკაციის წყარო ან თაროზე გაწყობის სქემა დაზიანების სტატუსი არ გაიცემა მუდმივი მდებარეობა (დაცვის ადგილი) ამჟამინდელი ადგილსამყოფელი თაროზე განთავსების ადგილი შეძენის თარიღი სრული შენახვის შიფრი შტრიხკოდი ბოლო ოპერაციის თარიღი ეგზემპლარის მიმდევრობითი ნომერი (კეტერი?) ფასის ძალაში შესვლის თარიღი ეგზემპლარის სახეობა
          ბათუმის შოთა რუსთაველის სახელმწიფო უნივერსიტეტის მთავარი ბიბლიოთეკა ბათუმის შოთა რუსთაველის სახელმწიფო უნივერსიტეტის მთავარი ბიბლიოთეკა წიგნსაცავი 2018-12-17 338.48(063) ტ–92 26872 2018-12-17 26872 2018-12-17 წიგნი